60s, 70s, 80s, and 90s Songs by Terrible Hint - Statistics

General Stats
  • This quiz has been taken 195 times
  • The average score is 8 of 22
Answer Stats
Hint Answer % Correct
Kurt Cobain smells a young girls deodorant brand. Smells Like Teen Spirit
78%
The Animals warn about a place in New Orleans, although we don't know exactly what it is. House of the Rising Sun
67%
Bruce Springsteen sings about how the USA really treated Vietnam veterans terribly. Born in the U.S.A.
66%
Paul McCartney writes a song for John Lennon's son, Julian, because his parents are going through a divorce. Hey Jude
65%
America (the band) goes on a trip in the desert of the southwestern USA on a horse. (Its name isn't Friday) A Horse With No Name
61%
A spy goes back to Soviet Russia. Back in the USSR
52%
Jimmy Buffet cannot leave Florida because he is too drunk (presumably). Margaritaville
51%
This song was based after a stalker that Michael Jackson had, it made him more reclusive because of it. Billie Jean
47%
Mick Jagger was present at the Crucifixion of Jesus, Russian Revolution, and assassination of JFK and RFK. Sympathy for the Devil
37%
The Talking Heads commit arson Burning Down the House
36%
Elvis is accused of cheating by his wife, now they don't trust each other. Suspicious Minds
34%
Norman Greenbaum sings about Jesus even though he is Jewish Spirit in the Sky
33%
Jimi Hendrix has a dream about walking underwater. It is NOT and acid trip. Purple Haze
31%
Angus Young's plane gets hit by lightning, allegedly; It was also used in a cyber terrorist attack in Iran. Thunderstruck
31%
Led Zeppelin almost gets their show in Iceland canceled because of a strike. Immigrant Song
27%
John Fogerty says there is an apocalypse coming, and I believe him. Bad Moon Rising
25%
Pete Townshend says the word "Miles" 57 times. I Can See for Miles
25%
Neil Young doesn't like slavery and yells at the south 100 years after it was abolished Southern Man
18%
Freddie Mercury sings this son. When played backwards the chorus says "decide to smoke marijuana". Another One Bites the Dust
10%
U2 and B.B. King, that's all you need to know. When Love Comes to Town
9%
Bob Dylan gets rocks thrown at him while trying to live his life. Rainy Day Women
4%
Eric Clapton sings about depression, the starlings are tired because of London pollution White Room
4%
No matching quizzes found
Score Distribution
Percent of People with Each Score
Percentile by Number Answered
Your Score History
You have not taken this quiz